000 00575nam a2200169Ia 4500
003 GCL
008 140319s9999 xx 000 0 ara d
040 _aGCL /
_cGCL
082 0 4 _a811.9
_bم م
100 1 _aمثنى محمد نورى
245 1 0 _aمصرع النسر: شعر (هدية من الاديب عبدالفتاح الجمل) /
_cمثنى محمد نورى
300 _a92
490 _aالهيئة العامة للاستعلامات
_v0
650 0 4 _aالادب العربى
650 0 4 _aالشعر العربى - العصر الحديث
942 _2ddc
_cBK
999 _c47490
_d47490